| 000 | 00552nam a2200205 a 4500 | ||
|---|---|---|---|
| 001 | 23788 | ||
| 003 | CO-ViMGA | ||
| 008 | 141112s2004 ck r 000 u spa d | ||
| 020 | _a9789706418371 | ||
| 040 |
_aCO-ViMGA _bspa _cCO-ViMGA |
||
| 082 | 0 | 4 | _aSVEm |
| 100 | 1 |
_aSverdlick, Graciela _934417 |
|
| 245 | 1 | 0 |
_aEl mono azul / _cGraciela Sverdlick |
| 260 |
_aMéxico : _beditorial progreso S.A |
||
| 300 | _a24p. | ||
| 490 | _aRehilete | ||
| 650 | 1 | 4 |
_a2 : CUENTOS INFANTILES ARGENTINOS _934418 |
| 650 | 1 | 4 | _aAMOR CUENTOS INFANTILES |
| 942 |
_2ddc _cBK |
||
| 999 |
_c31871 _d31871 |
||